000 00809nam a22002657a 4500
003 CHAP
005 20220329143819.0
008 110926s1981 mx a r 00010 spa d
010 _a102225
011 _a103197
035 _a113886
040 _cCHAP
090 _aFolleto 18076
100 1 _aRubio Ortiz, Noradino
_9100492
245 1 0 _aApuntes sobre el cultivo del maguey pulquero
_c/por Noradino Rubio Ortiz
260 _aMéxico, D.F. :
_bSARH. Productora Nacional de Semillas,
_c1981
300 _a23 p. :
_bilus.
590 _aBATCH-UPD
_b10
_c20130110
_lUCH01
_h1115
590 _aCONVERSION
_b10
_c20130109
_lUCH01
_h1356
650 1 4 _aAgave.
_91069
650 1 4 _aPulque.
_993009
901 _aBK
942 _cFOLL
949 _aFolleto 18076
_bBC
_cFOLL
_d33724002308322
_eTS1
_gDoanciØn
_i113886
_sb
999 _c102225
_d102225